[Event "XIV MIEDZYNARODOWY FESTIWAL SZACHOWY PER"]
[Site "LAZY"]
[Date "2018.07.03"]
[Round "9.3"]
[White "Chomczyk, Marek"]
[Black "Siembab, Bartosz"]
[Result "1-0"]
[WhiteElo "2247"]
[BlackElo "2136"]
[PlyCount "91"]
[EventDate "2018.??.??"]

1. e4 c5 2. Nf3 d6 3. d4 cxd4 4. Nxd4 Nf6 5. Nc3 a6 6. Be3 e5 7. Nb3 Be6 8. Be2
Be7 9. g4 O-O 10. g5 Ne8 11. Qd2 Nd7 12. O-O-O b5 13. Nd5 Bxd5 14. exd5 f5 15.
Na5 Nc7 16. Nc6 Qe8 17. f4 e4 18. h4 Nb8 19. Na5 Bd8 20. h5 Qd7 21. Qd4 Ne8 22.
Bd2 Qa7 23. Qc3 Bb6 24. Rh3 Rf7 25. g6 Rf6 26. gxh7+ Kxh7 27. Qg3 Qf7 28. Bc3
Rh6 29. Nb3 Nd7 30. Nd4 Qxd5 31. Qg5 Bxd4 32. Bxd4 Qf7 33. Rg1 Nf8 34. Bc3 d5
35. Be5 Ra7 36. Rhg3 Rd7 37. Bf1 Rxh5 38. Rh3 Rxh3 39. Bxh3 Kg8 40. Bxf5 Ra7
41. Rh1 b4 42. Qg4 d4 43. Bxe4 Qxa2 44. Qc8 Qa1+ 45. Kd2 Qxb2 46. Bd5+ 1-0

[Event "XIV MIEDZYNARODOWY FESTIWAL SZACHOWY PER"]
[Site "LAZY"]
[Date "2018.07.03"]
[Round "9.4"]
[White "Garbowski, Jakub"]
[Black "Kot, Jerzy"]
[Result "1-0"]
[WhiteElo "2138"]
[BlackElo "2028"]
[PlyCount "55"]
[EventDate "2018.??.??"]

1. e4 c5 2. Nf3 g6 3. d4 Bg7 4. Nc3 Qa5 5. Qd2 Nf6 6. Be2 O-O 7. O-O cxd4 8.
Qxd4 Nc6 9. Qd1 b5 10. e5 Ng4 11. Nxb5 Rb8 12. Bd2 Qb6 13. Bc3 Ngxe5 14. Nxe5
Bxe5 15. Bxe5 Nxe5 16. b3 d6 17. c4 Bd7 18. Nc3 Rfc8 19. Kh1 Qd8 20. f4 Nc6 21.
Bg4 Rc7 22. Nd5 Rcb7 23. Bxd7 Qxd7 24. f5 Nb4 25. fxg6 hxg6 26. Qf3 Rf8 27. Nf4
Kg7 28. Nxg6 1-0

[Event "XIV MIEDZYNARODOWY FESTIWAL SZACHOWY PER"]
[Site "LAZY"]
[Date "2018.07.03"]
[Round "9.5"]
[White "Wacior, Maciej"]
[Black "Oborski, Artur"]
[Result "1-0"]
[WhiteElo "2110"]
[BlackElo "1801"]
[PlyCount "61"]
[EventDate "2018.??.??"]

1. d4 Nf6 2. Nf3 g6 3. Bf4 Bg7 4. h3 O-O 5. e3 d6 6. Bc4 Nbd7 7. O-O Qe8 8. Bh2
e5 9. c3 Qe7 10. a4 a5 11. Nbd2 e4 12. Ne1 b6 13. b4 axb4 14. cxb4 d5 15. Bb5
Bb7 16. Rc1 Rfc8 17. Bxc7 Qxb4 18. Rb1 Qe7 19. Bh2 Ba6 20. Nc2 Bxb5 21. axb5
Ra4 22. Rb3 Bf8 23. Qb1 Qe6 24. Qb2 Rca8 25. Rc3 Qe8 26. Rc6 Be7 27. Qb3 R4a5
28. Nb1 Nb8 29. Rxb6 Nfd7 30. Rb7 Qc8 31. Rc7 1-0

[Event "XIV MIEDZYNARODOWY FESTIWAL SZACHOWY PER"]
[Site "LAZY"]
[Date "2018.07.03"]
[Round "9.6"]
[White "Hilarecki, Grzegorz"]
[Black "Luba, Lukasz"]
[Result "0-1"]
[WhiteElo "2023"]
[BlackElo "2094"]
[PlyCount "58"]
[EventDate "2018.??.??"]

1. d4 c6 2. Bf4 Qb6 3. Nf3 Qxb2 4. Nbd2 Na6 5. Rb1 Qc3 6. Rb3 Qa5 7. e4 Nf6 8.
Bd3 Nb4 9. O-O Nxd3 10. Rxd3 d5 11. e5 Nh5 12. Be3 g6 13. h3 Ng7 14. g4 h5 15.
Nh2 hxg4 16. hxg4 Qxa2 17. Nb3 b6 18. Qd2 Qa6 19. f4 Qb7 20. Rb1 Qd7 21. Qg2 a5
22. Bc1 Ba6 23. Rg3 a4 24. Nd2 Qa7 25. c4 e6 26. Nhf3 b5 27. c5 Bxc5 28. dxc5
Qxc5+ 29. Qf2 Rh1+ 0-1

[Event "XIV MIEDZYNARODOWY FESTIWAL SZACHOWY PER"]
[Site "LAZY"]
[Date "2018.07.03"]
[Round "9.7"]
[White "Zarebska, Lena"]
[Black "Luczak, Filip"]
[Result "1/2-1/2"]
[WhiteElo "1817"]
[BlackElo "2044"]
[PlyCount "50"]
[EventDate "2018.??.??"]

1. e4 c5 2. Nf3 e6 3. d4 cxd4 4. Nxd4 Nc6 5. Nc3 Qc7 6. Be3 a6 7. Bd3 Nf6 8.
O-O Be7 9. f4 d6 10. Qf3 Nxd4 11. Bxd4 Bd7 12. f5 O-O-O 13. Qf2 d5 14. fxe6
Bxe6 15. e5 Ne4 16. Bxe4 dxe4 17. Nxe4 Qc6 18. Rae1 Bd5 19. Nd6+ Bxd6 20. exd6
Rxd6 21. Be5 Rg6 22. Bg3 Rf6 23. Qa7 Qb6+ 24. Qxb6 Rxb6 25. b3 Be6 1/2-1/2

[Event "XIV MIEDZYNARODOWY FESTIWAL SZACHOWY PER"]
[Site "LAZY"]
[Date "2018.07.03"]
[Round "9.8"]
[White "Majek, Kacper"]
[Black "Niedbala, Bartlomiej"]
[Result "1-0"]
[WhiteElo "2034"]
[BlackElo "1977"]
[PlyCount "85"]
[EventDate "2018.??.??"]

1. Nf3 g6 2. g3 Bg7 3. Bg2 e5 4. d3 d5 5. O-O Ne7 6. Nbd2 O-O 7. e4 Nbc6 8. Re1
h6 9. c3 f5 10. exd5 Nxd5 11. Nc4 Re8 12. Qb3 Kh7 13. Ncxe5 Bxe5 14. d4 Bxd4
15. Rxe8 Qxe8 16. cxd4 Be6 17. Qxb7 Rb8 18. Qa6 Ndb4 19. Qe2 Bxa2 20. Qd2 Qf8
21. Qc3 Bd5 22. Bf4 Qg7 23. Ne5 Bxg2 24. Kxg2 Qg8 25. Rxa7 Qd5+ 26. Kg1 Rc8 27.
Ra4 Nxe5 28. Bxe5 Nc6 29. Rc4 Ra8 30. b4 Ra1+ 31. Qxa1 Qxc4 32. Qa8 Nxe5 33.
dxe5 Qxb4 34. Qd5 c5 35. e6 Qe1+ 36. Kg2 Kg7 37. Qd7+ Kf6 38. Qf7+ Ke5 39. e7
Qe4+ 40. f3 Qe2+ 41. Kh3 Qf1+ 42. Kh4 Qc4+ 43. Qxc4 1-0

[Event "XIV MIEDZYNARODOWY FESTIWAL SZACHOWY PER"]
[Site "LAZY"]
[Date "2018.07.03"]
[Round "9.10"]
[White "Krainski, Slawomir"]
[Black "Grzesik, Gracjan"]
[Result "1/2-1/2"]
[WhiteElo "2136"]
[BlackElo "1884"]
[PlyCount "44"]
[EventDate "2018.??.??"]

1. Nf3 c5 2. c4 Nc6 3. g3 g6 4. Bg2 Bg7 5. Nc3 e5 6. d3 h6 7. h4 Nf6 8. Nd2 d6
9. Nde4 Nxe4 10. dxe4 a6 11. b3 Be6 12. Bh3 Qd7 13. Bxe6 fxe6 14. h5 g5 15. Ba3
Qc7 16. e3 Ke7 17. Bb2 Rab8 18. a4 Rhg8 19. g4 Na7 20. O-O b6 21. Qd2 Nc6 22.
Ba3 Rgd8 1/2-1/2

[Event "XIV MIEDZYNARODOWY FESTIWAL SZACHOWY PER"]
[Site "LAZY"]
[Date "2018.07.03"]
[Round "9.11"]
[White "Czarniecka, Aleksandra"]
[Black "Syrkiewicz, Michal"]
[Result "1-0"]
[WhiteElo "1983"]
[BlackElo "1799"]
[PlyCount "129"]
[EventDate "2018.??.??"]

1. e4 c5 2. Nf3 a6 3. c4 e6 4. d4 cxd4 5. Nxd4 Nf6 6. Nc3 Bb4 7. Qd3 d5 8. exd5
exd5 9. Be2 O-O 10. O-O Nc6 11. Nxc6 bxc6 12. cxd5 Nxd5 13. Nxd5 Qxd5 14. Qg3
Bf5 15. Rd1 Qe6 16. Be3 Be4 17. Rac1 Rfd8 18. Rxd8+ Rxd8 19. a3 Bd6 20. Qg5 Ra8
21. Bd4 f6 22. Qe3 Qe7 23. Bc4+ Bd5 24. Qd3 Qf7 25. Bxd5 Qxd5 26. Qc3 Rc8 27.
b4 Bf4 28. Be3 Be5 29. Qc2 Rd8 30. g3 Rd6 31. Bc5 Rd7 32. Qa4 Qf3 33. Be3 Rd6
34. Qxa6 Rd1+ 35. Rxd1 Qxd1+ 36. Qf1 Qb3 37. Qc1 Qa4 38. Qc4+ Kh8 39. Qd3 h6
40. Bc1 Kg8 41. f4 Bc7 42. Be3 Qb5 43. Qb3+ Kh8 44. a4 Qe2 45. Bf2 Qa6 46. b5
cxb5 47. axb5 Qa1+ 48. Kg2 Qa8+ 49. Qf3 Qb8 50. Qc6 Kh7 51. b6 Bd6 52. b7 h5
53. Qe4+ Kh8 54. Qd5 h4 55. gxh4 f5 56. Qc6 Kh7 57. Qd7 Qf8 58. Qc8 Qg8 59.
Qxf5+ Kh8 60. Qh5+ Qh7 61. Qxh7+ Kxh7 62. Bg3 Bb8 63. f5 Ba7 64. b8=Q Bxb8 65.
Bxb8 1-0

[Event "XIV MIEDZYNARODOWY FESTIWAL SZACHOWY PER"]
[Site "LAZY"]
[Date "2018.07.03"]
[Round "9.12"]
[White "Wisniewski, Michal"]
[Black "Trybus, Daniel"]
[Result "1-0"]
[WhiteElo "2204"]
[BlackElo "1793"]
[PlyCount "55"]
[EventDate "2018.??.??"]

1. g4 d5 2. Bg2 c6 3. h3 e6 4. d4 Bd6 5. c3 Nd7 6. Nd2 Ne7 7. e4 Ng6 8. e5 Be7
9. Ne2 O-O 10. O-O f6 11. exf6 Nxf6 12. f4 c5 13. Nf3 Qb6 14. Ne5 cxd4 15. cxd4
Nxe5 16. fxe5 Nd7 17. Rxf8+ Nxf8 18. Nf4 Bd7 19. Be3 Rc8 20. Qf3 Qxb2 21. Rf1
Bb5 22. Rf2 Qb1+ 23. Kh2 Bh4 24. Nxd5 Bxf2 25. Ne7+ Kh8 26. Qxf2 Re8 27. Qf7
Ng6 28. Bh6 1-0

[Event "XIV MIEDZYNARODOWY FESTIWAL SZACHOWY PER"]
[Site "LAZY"]
[Date "2018.07.03"]
[Round "9.13"]
[White "Luberanski, Jakub"]
[Black "Hrymowicz, Artur"]
[Result "1/2-1/2"]
[WhiteElo "1762"]
[BlackElo "2123"]
[PlyCount "105"]
[EventDate "2018.??.??"]

1. e4 c5 2. Nf3 d6 3. d4 cxd4 4. Nxd4 Nf6 5. Nc3 a6 6. h3 g6 7. g4 Bg7 8. Bg2
h5 9. g5 Nfd7 10. Be3 O-O 11. Qd2 Nc6 12. O-O-O Nb6 13. b3 a5 14. a4 Bd7 15. f4
Rc8 16. Rhf1 Nb4 17. Kb1 Qc7 18. Nce2 e5 19. fxe5 dxe5 20. Nb5 Bxb5 21. axb5
Rfd8 22. Qc3 Rxd1+ 23. Rxd1 Qe7 24. Qd2 Rxc2 25. Qd8+ Bf8 26. Qxe7 Bxe7 27. Bf3
Bc5 28. Bd2 Rxd2 29. Rxd2 Be7 30. h4 Kf8 31. Nc3 Ke8 32. Na4 Nd7 33. Be2 f6 34.
Bc4 fxg5 35. hxg5 Nf8 36. Rf2 Bxg5 37. Rf7 Be7 38. Rg7 h4 39. Bf7+ Kd8 40. Bxg6
Nxg6 41. Rxg6 Nd3 42. Nc3 Nf4 43. Rg8+ Kd7 44. Rh8 Kd6 45. Rh7 h3 46. Kc2 Ke6
47. Rh6+ Kf7 48. Nd5 Kg7 49. Rxh3 Nxh3 50. Nxe7 Kf6 51. Nf5 Ke6 52. Kd3 Ng5 53.
Ne3 1/2-1/2

[Event "XIV MIEDZYNARODOWY FESTIWAL SZACHOWY PER"]
[Site "LAZY"]
[Date "2018.07.03"]
[Round "9.14"]
[White "Wieczorek, Mikolaj"]
[Black "Jarocka, Liwia"]
[Result "0-1"]
[WhiteElo "1726"]
[BlackElo "1984"]
[PlyCount "92"]
[EventDate "2018.??.??"]

1. e4 e5 2. Nf3 Nc6 3. d4 exd4 4. Nxd4 Nf6 5. Nxc6 bxc6 6. e5 Nd5 7. c4 Ne7 8.
g3 Ng6 9. Qe2 Bb4+ 10. Bd2 Qe7 11. f4 Rb8 12. Nc3 d6 13. Bg2 Bd7 14. O-O O-O
15. Kh1 f5 16. a3 Bxc3 17. Bxc3 dxe5 18. fxe5 f4 19. Bb4 c5 20. Bd5+ Kh8 21.
Bc3 Be6 22. Rad1 Rbd8 23. Bxe6 Rxd1 24. Qxd1 Qxe6 25. Qd5 Qh3 26. Qf3 Qc8 27.
gxf4 Rxf4 28. Qxf4 Nxf4 29. Rxf4 Kg8 30. Kg2 Qe6 31. Kf3 Qh3+ 32. Ke4 Qg2+ 33.
Ke3 Qxh2 34. b4 Qh3+ 35. Kd2 Qd7+ 36. Ke3 Qe7 37. Ke4 cxb4 38. axb4 Qe6 39. Kd4
h5 40. b5 Qe7 41. c5 h4 42. Be1 h3 43. Rh4 Qxh4+ 44. Bxh4 h2 45. e6 h1=Q 46. e7
Qxh4+ 0-1

[Event "XIV MIEDZYNARODOWY FESTIWAL SZACHOWY PER"]
[Site "LAZY"]
[Date "2018.07.03"]
[Round "9.15"]
[White "Rogala, Milosz"]
[Black "Hasterok, Mateusz"]
[Result "0-1"]
[WhiteElo "1707"]
[BlackElo "1837"]
[PlyCount "68"]
[EventDate "2018.??.??"]

1. e4 c5 2. Nf3 Nc6 3. d4 cxd4 4. Nxd4 Qb6 5. Nb3 Nf6 6. Nc3 e6 7. Bd3 a6 8.
O-O Be7 9. Be3 Qc7 10. f4 d6 11. Qf3 O-O 12. a3 b5 13. Rad1 Rb8 14. Ne2 Rd8 15.
Ned4 Nxd4 16. Nxd4 g6 17. e5 Nd5 18. Bc1 Bb7 19. Qg3 b4 20. axb4 Nxb4 21. Nxe6
fxe6 22. Bxg6 Kh8 23. Bxh7 dxe5 24. fxe5 Bc5+ 25. Kh1 Qxh7 26. Rxd8+ Rxd8 27.
Bg5 Be7 28. Bxe7 Qxe7 29. Qh3+ Qh7 30. Qxe6 Bxg2+ 31. Kxg2 Rg8+ 32. Kf3 Rf8+
33. Ke2 Qe4+ 34. Kd2 Qxc2+ 0-1

[Event "XIV MIEDZYNARODOWY FESTIWAL SZACHOWY PER"]
[Site "LAZY"]
[Date "2018.07.03"]
[Round "9.16"]
[White "Karwacki, Piotr"]
[Black "Kruczynski, Marek"]
[Result "1/2-1/2"]
[WhiteElo "1828"]
[BlackElo "1731"]
[PlyCount "120"]
[EventDate "2018.??.??"]

1. e4 c6 2. d3 g6 3. Nf3 Bg7 4. Nbd2 d6 5. g3 e5 6. Bg2 h6 7. Nb3 Qc7 8. c3 Be6
9. d4 Ne7 10. Be3 Nd7 11. Qd2 O-O-O 12. O-O-O Nb6 13. Na5 Kb8 14. Kb1 Nbc8 15.
c4 c5 16. dxc5 dxc5 17. Qc3 b6 18. Nb3 Nc6 19. Rc1 Nd6 20. Nfd2 Nd4 21. Bxd4
exd4 22. Qd3 f5 23. e5 Nf7 24. f4 a5 25. Na1 Ka7 26. Nc2 Bf8 27. Na3 Ka6 28.
Nb5 Qc8 29. Bd5 Re8 30. Rhe1 Qb8 31. Qf3 h5 32. Bxe6 Rxe6 33. Qd5 Nd8 34. Nb3
Rh7 35. N5xd4 cxd4 36. Qb5+ Ka7 37. Nxd4 Bc5 38. Nxe6 Nxe6 39. a3 Re7 40. b4
axb4 41. axb4 Bd4 42. Rc2 Qe8 43. Ra2+ Kb8 44. Qa6 Qc6 45. Qa4 Qxa4 46. Rxa4
Ra7 47. Rxa7 Kxa7 48. Kc2 Kb7 49. Kd3 Kc6 50. Re2 Kb7 51. h3 Bg1 52. Ra2 Kb8
53. Rg2 Bd4 54. Ra2 Kb7 55. c5 bxc5 56. bxc5 Bxc5 57. Kc4 Be7 58. Ra1 h4 59.
gxh4 Nxf4 60. Rf1 Nxh3 1/2-1/2

[Event "XIV MIEDZYNARODOWY FESTIWAL SZACHOWY PER"]
[Site "LAZY"]
[Date "2018.07.03"]
[Round "9.17"]
[White "Zelak, Wladyslaw"]
[Black "Pluta, Natalia"]
[Result "0-1"]
[WhiteElo "1779"]
[BlackElo "1826"]
[PlyCount "120"]
[EventDate "2018.??.??"]

1. e4 c5 2. Nf3 g6 3. d4 cxd4 4. Nxd4 Bg7 5. c4 Nc6 6. Nc2 Nf6 7. Nc3 d6 8. Be2
O-O 9. O-O Be6 10. h3 Na5 11. Ne3 Rc8 12. Qa4 Nd7 13. Bd2 Nc5 14. Qc2 Nc6 15.
Rac1 Nd4 16. Qd1 a5 17. Re1 Re8 18. Bf1 Bd7 19. Ng4 h5 20. Ne3 Bc6 21. Ned5 e6
22. Nf4 Qh4 23. g3 Qd8 24. h4 a4 25. Nh3 Qb6 26. Rb1 Qa6 27. Ng5 b6 28. g4 hxg4
29. Qxg4 Qb7 30. h5 f5 31. Qh3 Nxe4 32. Ncxe4 Bxe4 33. Nxe4 fxe4 34. Bg2 d5 35.
hxg6 Rxc4 36. b3 axb3 37. axb3 Rc2 38. Qh7+ Kf8 39. Bb4+ Rc5 40. Red1 Qe7 41.
Rd2 Bf6 42. Rbd1 Qxh7 43. gxh7 Nxb3 44. Ra2 Kg7 45. Ra7+ Re7 46. Rxe7+ Bxe7 47.
Bxc5 Nxc5 48. Ra1 Bf6 49. Ra7+ Kh8 50. Bf1 Bg7 51. Bb5 Kxh7 52. Kf1 Kg6 53. Ke2
Bc3 54. Rc7 Kf5 55. Rc6 Ba5 56. Rc8 Ke5 57. Rh8 Kd4 58. Rh3 e5 59. Rh6 Nd3 60.
Rh3 Nf4+ 0-1

[Event "XIV MIEDZYNARODOWY FESTIWAL SZACHOWY PER"]
[Site "LAZY"]
[Date "2018.07.03"]
[Round "9.18"]
[White "Majocha, Piotr"]
[Black "Saweczko, Tomasz"]
[Result "1/2-1/2"]
[WhiteElo "1902"]
[BlackElo "1615"]
[PlyCount "105"]
[EventDate "2018.??.??"]

1. c4 Nf6 2. Nc3 e6 3. g3 d5 4. cxd5 exd5 5. d4 c6 6. Bg2 Bb4 7. Bd2 Bf5 8. a3
Bd6 9. Bg5 h6 10. Bxf6 Qxf6 11. Nf3 O-O 12. O-O Nd7 13. b4 Nb6 14. b5 Nc4 15.
bxc6 bxc6 16. Qa4 Nb2 17. Qxc6 Rac8 18. Qb5 Rxc3 19. Qxb2 Rc2 20. Qb7 Be4 21.
Qxa7 Rxe2 22. Ne1 Rb8 23. Bxe4 dxe4 24. Rd1 Rbb2 25. d5 Bxa3 26. Ng2 Bd6 27.
Rde1 Ra2 28. Qb6 Reb2 29. Qe3 Ra3 30. Qxe4 Bc5 31. Re2 Raa2 32. Rxb2 Rxb2 33.
Nf4 Bd6 34. Nd3 Rd2 35. Rc1 g5 36. Qe3 Ra2 37. Nc5 Bxc5 38. Rxc5 Ra1+ 39. Kg2
g4 40. Qc3 Qxc3 41. Rxc3 Rd1 42. Rc6 Rxd5 43. Rxh6 Kg7 44. Rc6 Rd2 45. Rc4 f5
46. Rf4 Kg6 47. h4 gxh3+ 48. Kxh3 Rd6 49. Kg2 Ra6 50. Rd4 Rb6 51. Kf3 Kg5 52.
Rf4 Re6 53. Rb4 1/2-1/2

[Event "XIV MIEDZYNARODOWY FESTIWAL SZACHOWY PER"]
[Site "LAZY"]
[Date "2018.07.03"]
[Round "9.19"]
[White "Buchta, Agnieszka"]
[Black "Hertlein, Irena"]
[Result "0-1"]
[WhiteElo "1810"]
[BlackElo "1531"]
[PlyCount "126"]
[EventDate "2018.??.??"]

1. e4 c5 2. Nc3 Nc6 3. Bb5 g6 4. Bxc6 dxc6 5. d3 Bg7 6. Be3 b6 7. Qd2 Nf6 8.
Bh6 O-O 9. Bxg7 Kxg7 10. f4 a5 11. Nf3 a4 12. O-O a3 13. b3 b5 14. Rae1 Bb7 15.
Nh4 e6 16. Kh1 Nxe4 17. Nxe4 Qxh4 18. Qc3+ f6 19. Nxc5 Bc8 20. Nxe6+ Bxe6 21.
Rxe6 Rfe8 22. Qxc6 Rac8 23. Qd7+ Kf8 24. g3 Qh5 25. Rxf6+ Kg8 26. Re6 Rf8 27.
Re5 Qh6 28. c4 bxc4 29. dxc4 Rcd8 30. Qe6+ Kh8 31. Rd5 Rde8 32. Qg4 Re4 33. Qd1
Qh3 34. Re1 Rxe1+ 35. Qxe1 h5 36. Re5 Kg7 37. Re7+ Kh6 38. Re5 h4 39. Kg1 Rxf4
40. Qc1 g5 41. gxf4 Qg4+ 42. Kf1 Qf3+ 43. Ke1 Qh1+ 44. Kd2 Qxh2+ 45. Kc3 gxf4
46. Qd1 Qb2+ 47. Kb4 Qxe5 48. c5 h3 49. Qh1 Qd4+ 50. Kb5 Qd3+ 51. Kb6 Qg3 52.
c6 h2 53. c7 Qg1+ 54. Qxg1 hxg1=Q+ 55. Kb7 Qc5 56. c8=Q Qxc8+ 57. Kxc8 f3 58.
b4 f2 59. b5 f1=Q 60. b6 Qc4+ 61. Kb8 Qxa2 62. Ka7 Qb3 63. b7 a2 0-1

[Event "XIV MIEDZYNARODOWY FESTIWAL SZACHOWY PER"]
[Site "LAZY"]
[Date "2018.07.03"]
[Round "9.20"]
[White "Sypien, Natan"]
[Black "Wojtas, Julia"]
[Result "1/2-1/2"]
[WhiteElo "1774"]
[BlackElo "1483"]
[PlyCount "50"]
[EventDate "2018.??.??"]

1. d4 Nf6 2. c4 g6 3. Nc3 Bg7 4. e4 d6 5. Nf3 O-O 6. Be2 Nc6 7. O-O e5 8. d5
Ne7 9. b4 Nh5 10. Re1 f5 11. Ng5 Nf4 12. Bxf4 exf4 13. Rc1 h6 14. Ne6 Bxe6 15.
dxe6 Bxc3 16. Rxc3 fxe4 17. Rh3 Kh7 18. Bg4 Nc6 19. Rxe4 Qe7 20. Qd2 Qg5 21.
Bf3 Ne5 22. Qd5 Qf6 23. Re1 Rae8 24. Qxb7 Qxe6 25. Rf1 Qxc4 1/2-1/2

[Event "XIV MIEDZYNARODOWY FESTIWAL SZACHOWY PER"]
[Site "LAZY"]
[Date "2018.07.03"]
[Round "9.21"]
[White "Daliga, Anita"]
[Black "Dytman, Radoslaw"]
[Result "0-1"]
[WhiteElo "1605"]
[BlackElo "1722"]
[PlyCount "144"]
[EventDate "2018.??.??"]

1. e4 e5 2. Nf3 Nc6 3. Bb5 a6 4. Ba4 Nf6 5. O-O b5 6. Bb3 Bc5 7. d3 d6 8. Nc3
Bg4 9. h3 Bxf3 10. Qxf3 Nd4 11. Qd1 c6 12. Ne2 O-O 13. Ng3 d5 14. Bg5 h6 15.
Bxf6 Qxf6 16. c3 Nxb3 17. Qxb3 Rad8 18. Rad1 Rd7 19. exd5 cxd5 20. Ne2 d4 21.
c4 b4 22. Ng3 Qc6 23. Rde1 Re7 24. Re2 f5 25. f3 Qg6 26. Kh2 Kh8 27. Qd1 Rfe8
28. Qe1 Bd6 29. c5 Bc7 30. b3 a5 31. Qf2 h5 32. Kg1 Re6 33. Nh1 Rc8 34. Rc2 Qh6
35. Re1 Rd8 36. Ng3 g6 37. Nf1 Rd5 38. Rec1 Bd8 39. Rc4 Bg5 40. R1c2 Qf8 41. g3
Bf6 42. Nd2 Qe7 43. Qe2 h4 44. g4 Bg5 45. Nf1 Bf4 46. Qf2 Qg5 47. Kg2 Qe7 48.
Re2 Qg5 49. Rec2 Kg7 50. Nd2 Be3 51. Qe2 Bxd2 52. Rxd2 Qf4 53. Qf2 Rc6 54. Re2
Rdxc5 55. Rec2 Rxc4 56. bxc4 fxg4 57. fxg4 Qxf2+ 58. Rxf2 Rf6 59. Re2 Re6 60.
Kf3 Kf6 61. Ke4 a4 62. Rf2+ Ke7 63. Rb2 Rf6 64. Kxe5 Rf3 65. Kxd4 Rxh3 66. Rxb4
Rg3 67. Rb7+ Kd8 68. c5 h3 69. Rh7 Rxg4+ 70. Kd5 Rg5+ 71. Kd6 Rh5 72. Rb7 Kc8
0-1

[Event "XIV MIEDZYNARODOWY FESTIWAL SZACHOWY PER"]
[Site "LAZY"]
[Date "2018.07.03"]
[Round "9.22"]
[White "Wojdak, Jan"]
[Black "Koloczek, Maciej"]
[Result "1/2-1/2"]
[WhiteElo "1712"]
[BlackElo "1961"]
[PlyCount "129"]
[EventDate "2018.??.??"]

1. e4 c5 2. Nf3 g6 3. d4 cxd4 4. Nxd4 Nc6 5. Nc3 Bg7 6. Be3 Nf6 7. Be2 O-O 8.
Bf3 d6 9. Nxc6 bxc6 10. e5 Nd5 11. Nxd5 cxd5 12. Bxd5 Rb8 13. Bb3 Bxe5 14. Bd4
Qa5+ 15. Kf1 Ba6+ 16. Kg1 h5 17. Bxe5 Qxe5 18. c3 Bb7 19. Qd2 h4 20. Re1 Qf6
21. h3 Bc6 22. f4 a5 23. Re2 a4 24. Bc4 Rfd8 25. Kh2 d5 26. Bd3 Rd7 27. Rf1
Rdb7 28. Qc1 e6 29. Rff2 Bb5 30. Bxb5 Rxb5 31. Qe3 R8b7 32. Qe5 Kg7 33. Rd2
Qxe5 34. fxe5 Rc5 35. Rf3 Rc4 36. Re3 g5 37. g4 hxg3+ 38. Rxg3 Kg6 39. Rdg2 g4
40. Rxg4+ Rxg4 41. hxg4 Kg5 42. Kg3 Rc7 43. Rd2 a3 44. bxa3 Rxc3+ 45. Kg2 Rxa3
46. Rf2 Kxg4 47. Rxf7 Rxa2+ 48. Kf1 Ra4 49. Rf6 Rf4+ 50. Kg2 Re4 51. Rxe6 Kf5
52. Ra6 Kxe5 53. Kf3 Rb4 54. Ke3 Rb3+ 55. Kd2 Rh3 56. Ra8 Ke4 57. Ra7 Rh2+ 58.
Kd1 d4 59. Ra3 Rg2 60. Rb3 d3 61. Rb8 d2 62. Re8+ Kf5 63. Rd8 Kf6 64. Rxd2
Rxd2+ 65. Kxd2 1/2-1/2

[Event "XIV MIEDZYNARODOWY FESTIWAL SZACHOWY PER"]
[Site "LAZY"]
[Date "2018.07.03"]
[Round "9.23"]
[White "Madej, Marek"]
[Black "Podgorski, Maciej"]
[Result "1/2-1/2"]
[WhiteElo "1786"]
[BlackElo "1852"]
[PlyCount "64"]
[EventDate "2018.??.??"]

1. e4 c5 2. Nf3 d6 3. d4 cxd4 4. Nxd4 Nf6 5. f3 e5 6. Bb5+ Bd7 7. Bxd7+ Qxd7 8.
Nf5 d5 9. Bg5 d4 10. Bxf6 gxf6 11. c3 Nc6 12. cxd4 exd4 13. O-O O-O-O 14. Nd2
Kb8 15. a3 d3 16. b4 Nd4 17. Nxd4 Qxd4+ 18. Kh1 h5 19. Nb3 Qe5 20. Qe1 h4 21.
f4 Qb2 22. Rb1 Qxa3 23. b5 h3 24. g3 d2 25. Qe3 Qa2 26. Rbd1 Bb4 27. Rg1 Qc2
28. Nd4 Qc4 29. Nf3 Bc5 30. Nxd2 Rxd2 31. Qxd2 Qxe4+ 32. Rg2 Re8 1/2-1/2

[Event "XIV MIEDZYNARODOWY FESTIWAL SZACHOWY PER"]
[Site "LAZY"]
[Date "2018.07.03"]
[Round "9.24"]
[White "Hampel, Anna"]
[Black "Szydelko, Michal"]
[Result "1-0"]
[WhiteElo "1728"]
[BlackElo "1713"]
[PlyCount "115"]
[EventDate "2018.??.??"]

1. e4 e5 2. Nf3 Nf6 3. Nxe5 d6 4. Nf3 Nxe4 5. d4 d5 6. Bd3 Bd6 7. O-O O-O 8.
Nbd2 Nxd2 9. Bxd2 Bg4 10. h3 Bh5 11. Re1 Nd7 12. c3 c6 13. a4 Qc7 14. Bxh7+
Kxh7 15. Ng5+ Kg6 16. g4 Bf4 17. gxh5+ Kh6 18. Qg4 Bxd2 19. Nxf7+ Kh7 20. Qg6+
Kg8 21. Re7 Ne5 22. Nh6+ Bxh6 23. Qe6+ Kh8 24. Rxc7 Nf3+ 25. Kh1 Ng5 26. Qg6
Rf6 27. Qc2 Nxh3 28. Rf1 Rf3 29. Kg2 Raf8 30. Rxb7 Ng5 31. Rxa7 Ne4 32. Qe2
R3f5 33. Re7 Bf4 34. Rh1 Rg5+ 35. Kh3 Rff5 36. Re8+ Kh7 37. Rxe4 dxe4 38. Qxe4
Kh8 39. Qxc6 Bd2 40. Qe8+ Kh7 41. Qe4 Kh6 42. Rd1 Rxh5+ 43. Kg2 Bf4 44. Kf1 Bg3
45. Qe3+ Bf4 46. Qd3 g6 47. d5 Bg5 48. d6 Bh4 49. Qd2+ Bg5 50. Qd4 Bf6 51. Qe3+
Bg5 52. Qe8 Bf6 53. d7 Rh1+ 54. Ke2 Rh2 55. Qf8+ Kg5 56. Rf1 Re5+ 57. Kd1 Rd5+
58. Kc2 1-0

[Event "XIV MIEDZYNARODOWY FESTIWAL SZACHOWY PER"]
[Site "LAZY"]
[Date "2018.07.03"]
[Round "9.25"]
[White "Krzywnicka, Maria"]
[Black "Kindler, Karolina"]
[Result "1/2-1/2"]
[WhiteElo "1845"]
[BlackElo "1784"]
[PlyCount "46"]
[EventDate "2018.??.??"]

1. e4 c5 2. d3 e6 3. g3 d6 4. Bg2 Nf6 5. f4 Be7 6. Nf3 a6 7. O-O O-O 8. Nc3 b5
9. h3 Bb7 10. g4 Qc7 11. Nh2 Nc6 12. Ne2 Rac8 13. Be3 Nd4 14. Ng3 Nd7 15. c3
Nc6 16. f5 Bh4 17. Nh5 exf5 18. gxf5 Nf6 19. Rf4 Bg5 20. Nxf6+ Bxf6 21. Rf1 Ne5
22. Ng4 Qe7 23. Qd2 Kh8 1/2-1/2

[Event "XIV MIEDZYNARODOWY FESTIWAL SZACHOWY PER"]
[Site "LAZY"]
[Date "2018.07.03"]
[Round "9.26"]
[White "Topola, Rafal"]
[Black "Majewski, Krzysztof"]
[Result "1/2-1/2"]
[WhiteElo "1570"]
[BlackElo "1695"]
[PlyCount "52"]
[EventDate "2018.??.??"]

1. e4 e6 2. d4 d5 3. exd5 exd5 4. Nf3 Bd6 5. c4 c6 6. Nc3 Ne7 7. Bd3 O-O 8. O-O
dxc4 9. Bxc4 Bf5 10. Qb3 Qb6 11. Qxb6 axb6 12. Re1 b5 13. Bb3 Na6 14. Bg5 Ng6
15. a3 Rfe8 16. Bd2 h6 17. Rad1 Nc7 18. h3 Nf4 19. Bxf4 Bxf4 20. Ne5 Be6 21.
Bxe6 Rxe6 22. g3 Bxe5 23. dxe5 Rae8 24. Rd7 R6e7 25. Red1 Kf8 26. f4 Rxd7
1/2-1/2

[Event "XIV MIEDZYNARODOWY FESTIWAL SZACHOWY PER"]
[Site "LAZY"]
[Date "2018.07.03"]
[Round "9.27"]
[White "Kurcaba, Lukasz"]
[Black "Wasala, Wiktoria"]
[Result "1/2-1/2"]
[WhiteElo "1619"]
[BlackElo "1521"]
[PlyCount "23"]
[EventDate "2018.??.??"]

1. e4 Nf6 2. e5 Nd5 3. d4 d6 4. exd6 exd6 5. c4 Nb6 6. Bd3 Be7 7. Ne2 Nc6 8. a3
Bf6 9. Be3 a5 10. Qc2 g6 11. Nbc3 Bd7 12. O-O 1/2-1/2